| 000 | 00695cam a22002172 4500 | ||
|---|---|---|---|
| 001 | 0000004849 | ||
| 005 | 20151217151942.0 | ||
| 008 | 070530s xx 000 0 eng d | ||
| 020 |
_a0195113136 : _cKES 2,546 |
||
| 040 |
_aKABU _cKABU |
||
| 050 | 0 |
_aQR88 _b.W45 |
|
| 100 | 1 |
_aWhite, David. _@0000155720 |
|
| 245 | 1 | 0 |
_aMicrobial physiology and biochemistry laboratory : _ba quantitative approach / _cDavid White, G. D. Hegeman. |
| 260 |
_aNew York : _bOUP, _c1998. |
||
| 300 | _axi, 161 p. | ||
| 650 | 0 |
_aMicrobial metabolism _vLaboratory manual. _@0000155721 |
|
| 700 | 1 |
_aHegeman, G. D. _@0000155722 |
|
| 908 | _a070530 | ||
| 950 | _@1 | ||
| 999 |
_c6682 _d6682 |
||